Quản Trị Quá Trình Đổi Mới & Sáng Tạo

Shranjeno v:
Bibliografske podrobnosti
Glavni avtor: Allan Afwah
Format: Knjiga
Jezik:Vietnamese
Izdano: ĐHKT.QD 2012
Oznake: Označite
Brez oznak, prvi označite!
Thư viện lưu trữ: Mạng thư viện Đại học Đà Nẵng
LEADER 00630nam a2200277 4500
001 000026657
003 72
005 20150204120000.0
008 150204s vm 000 vie
020 |c 148000,0000 
040 |a D5 
100 |a Allan Afwah 
245 |a Quản Trị Quá Trình Đổi Mới & Sáng Tạo 
260 |b ĐHKT.QD  |c 2012 
300 |a 735tr. ; 
OWN |a LTT 
999 |a From the UDN01 
TYP |a Monograph 
TYP |a Printed language 
980 |a Mạng thư viện Đại học Đà Nẵng